000
00448nam a2200169Ia 4500
003
LDD
008
190117s9999 xx 000 0 und d
020
_c
₹50
040
_c
LDD
041
_a
hi
082
_a
8H3.6 प्रे5922गो
100
_a
प्रेमचंद
245
0
_a
गौदान
_c
प्रेमचंद
260
_a
दिल्ली
_b
सरस्वती
_c
1987
300
_a
300प्र.
942
_2
ddc
_c
H
999
_c
164159
_d
164159